Online Catalogue and eLibrary

Handy Perinbanayagam : (Record no. 3465)

MARC details
000 -LEADER
fixed length control field 00440nam a2200145Ia 4500
005 - DATE AND TIME OF LATEST TRANSACTION
control field 20250117022447.0
008 - FIXED-LENGTH DATA ELEMENTS--GENERAL INFORMATION
fixed length control field 240331s9999 xx 000 0 und d
082 ## - DDC Classification
Item Number - Author Mark HAN
Class No. 923
245 #0 - TITLE STATEMENT
Title Handy Perinbanayagam :
Remainder of title a memorial volume
260 ## - PUBLICATION, DISTRIBUTION, ETC.
Place of publication, distribution, etc. Chunnakam
Name of publisher, distributor, etc. Thirumakal Press
Date of publication, distribution, etc. 1980
300 ## - PHYSICAL DESCRIPTION
Extent (e.g. Volumes, Pages etc.) iv, 174 p .,
500 ## - GENERAL NOTE
General note The Jaffna youth congress and Selection from his writings and speeches
700 ## - ADDED ENTRY--PERSONAL NAME
Personal name Kanagaratnam.
Relator term (Role) Editor
942 ## - Koha item type (Biblio)
Koha item type Books in Stacks (Lending)
Holdings
Lost status Damaged status Collection code Home library Current library Shelving location Date acquired Full call number Accession Number Item type
    Lending WERC Library WERC Library Social Science Cupboard 03/31/2024 923 HAN 52 Books in Stacks (Lending)

© WERC Library